The Germans /

Bibliographic Details
Main Author: Eich, Hermann
Format: Book
Language:English
German
Published: New York : Stein and Day, 1980
Subjects:

MARC

Tag First Indicator Second Indicator Subfields
LEADER 00000cam a2200000 a 4500
001 in00000087138
005 20151008064745.0
008 800819c19801965nyu b 00110 eng d
010 |a  65014399  
020 |a 0812860578 (pbk. :)  |c $5.95 
035 |a (OCoLC)06634319 
035 |9 AAK4744AM 
040 |a MDB  |c MDB  |d TXA  |d UtOrBLW 
041 1 |a eng  |a ger 
043 |a e-gx--- 
049 |a TXAM  |c [1655430] 
090 |a DD76  |b .E4513 1980 
100 1 |a Eich, Hermann. 
240 1 4 |a Die unheimlichen Deutschen.  |l English 
245 1 4 |a The Germans /  |c by Hermann Eich ; translated from the German by Michael Glenny. 
264 1 |a New York :  |b Stein and Day,  |c 1980 
264 4 |c ©1965 
300 |a 254 pages ;  |c 21 cm. 
336 |a text  |b txt  |2 rdacontent 
337 |a unmediated  |b n  |2 rdamedia 
338 |a volume  |b nc  |2 rdacarrier 
500 |a Translation of: Die unheimlichen Deutschen, first published in English under title: The unloved Germans. 
500 |a "A Scarborough book." 
504 |a Includes bibliographical references and index. 
650 0 |a National characteristics, German. 
651 0 |a Germany  |x Foreign public opinion. 
999 |a MARS 
999 f f |s e3ef80dd-e6a0-32d0-9797-e87f9a0ac40f  |i cd1db839-bf61-3c1b-bdb9-3ecdc0085a01  |t 0 
952 f f |p ric  |a Texas A&M University  |b Rellis Campus  |c Joint Library Facility  |d Remote Storage  |t 0  |e DD76 .E4513 1980  |h Library of Congress classification  |i unmediated -- volume  |m A14806097507 
998 f f |a DD76 .E4513 1980  |t 0  |l Remote Storage